| Tag |
First Indicator |
Second Indicator |
Subfields |
| LEADER |
00000cam a2200000 i 4500 |
| 001 |
in00003938821 |
| 005 |
20180501153805.0 |
| 008 |
171005t20172017nyu b 000 1 eng d |
| 010 |
|
|
|a 2017288887
|
| 020 |
|
|
|a 9780756412517
|q (paperback)
|
| 020 |
|
|
|a 075641251X
|q (paperback)
|
| 035 |
|
|
|a (OCoLC)ocn953597720
|
| 035 |
|
|
|a (OCoLC)953597720
|
| 040 |
|
|
|a YDXCP
|b eng
|e rda
|c DLC
|d BTCTA
|d BDX
|d NYP
|d APL
|d MR0
|d NOC
|d OCLCF
|d T7R
|d IGA
|d YDXCP
|d TXA
|d UtOrBLW
|
| 042 |
|
|
|a lccopycat
|
| 049 |
|
|
|a TXAM
|
| 050 |
0 |
0 |
|a PR6062.E4163
|b A6 2017
|
| 082 |
0 |
4 |
|a 823/.0108092
|2 23
|
| 090 |
|
|
|a PR6062.E4163
|b A6 2017b
|
| 100 |
1 |
|
|a Lee, Tanith,
|e author.
|0 http://id.loc.gov/authorities/names/no2014107426
|
| 240 |
1 |
0 |
|a Short stories.
|k Selections
|
| 245 |
1 |
0 |
|a Redder than blood /
|c Tanith Lee.
|
| 264 |
|
1 |
|a New York, NY :
|b Daw Books, Inc.,
|c [2017]
|
| 264 |
|
4 |
|c ©2017
|
| 300 |
|
|
|a 314 pages ;
|c 23 cm.
|
| 336 |
|
|
|a text
|b txt
|2 rdacontent
|
| 337 |
|
|
|a unmediated
|b n
|2 rdamedia
|
| 338 |
|
|
|a volume
|b nc
|2 rdacarrier
|
| 490 |
1 |
|
|a DAW book collectors ;
|v no. 1755
|
| 504 |
|
|
|a Includes bibliographical references.
|
| 500 |
|
|
|a The Cushing Library/Science Fiction copy was used to compile Daughter of the night : an annotated Tanith Lee bibliography.
|
| 520 |
|
|
|a "Among its nineteen tales, this volume explores unnerving variations of Beauty and the Beast, The Frog Prince, Snow White, and other classics, including three never-before-published stories."--Page 4 of cover.
|
| 505 |
0 |
0 |
|t Redder than blood --
|t Snow drop --
|t Magpied --
|t She sleeps in a tower --
|t Awake --
|t Love in waiting --
|t The reason for not going to the ball --
|t Midnight --
|t Empire of glass --
|t Rapunzel --
|t Open your window, Golden Hair --
|t Kiss, kiss --
|t Into gold --
|t Bloodmangle --
|t Wolfed --
|t My life as a swan --
|t The Beast --
|t The Beast and Beauty --
|t Below the sun beneath.
|
| 650 |
|
0 |
|a Short stories, English.
|0 http://id.loc.gov/authorities/subjects/sh85121854
|
| 650 |
|
0 |
|a Fairy tales
|v Adaptations.
|0 http://id.loc.gov/authorities/subjects/sh2008103473
|
| 650 |
|
0 |
|a English fiction
|y 21st century.
|
| 650 |
|
7 |
|a FICTION / Fairy Tales, Folk Tales, Legends & Mythology.
|2 bisacsh
|
| 650 |
|
7 |
|a FICTION / Fantasy / Dark Fantasy.
|2 bisacsh
|
| 650 |
|
7 |
|a FICTION / Fantasy / Epic.
|2 bisacsh
|
| 650 |
|
7 |
|a English fiction.
|2 fast
|0 (OCoLC)fst00910817
|
| 650 |
|
7 |
|a Fairy tales.
|2 fast
|0 (OCoLC)fst00919916
|
| 650 |
|
7 |
|a Short stories, English.
|2 fast
|0 (OCoLC)fst01117174
|
| 648 |
|
7 |
|a 2000-2099
|2 fast
|
| 655 |
|
7 |
|a Adaptations.
|2 fast
|0 (OCoLC)fst01423910
|
| 655 |
|
7 |
|a Fantasy fiction.
|2 fast
|0 (OCoLC)fst01726607
|
| 655 |
|
7 |
|a Science fiction.
|2 fast
|0 (OCoLC)fst01726489
|
| 655 |
|
7 |
|a Short stories.
|2 fast
|0 (OCoLC)fst01726740
|
| 655 |
|
7 |
|a Science fiction.
|2 lcgft
|0 http://id.loc.gov/authorities/genreForms/gf2014026529
|
| 655 |
|
7 |
|a Fantasy fiction.
|2 lcgft
|0 http://id.loc.gov/authorities/genreForms/gf2014026333
|
| 655 |
|
7 |
|a Short stories.
|2 lcgft
|0 http://id.loc.gov/authorities/genreForms/gf2014026542
|
| 655 |
|
4 |
|a Fantasy fiction.
|
| 655 |
|
4 |
|a Short stories.
|
| 655 |
|
4 |
|a Horror tales.
|
| 830 |
|
0 |
|a DAW book collectors ;
|v no. 1755.
|0 http://id.loc.gov/authorities/names/n91066025
|
| 938 |
|
|
|a YBP Library Services
|b YANK
|n 13070896
|
| 938 |
|
|
|a Baker and Taylor
|b BTCP
|n BK0019187534
|
| 938 |
|
|
|a Brodart
|b BROD
|n 117259632
|
| 948 |
|
|
|a cataloged
|b h
|c 2018/3/1
|d c
|e ljohnson
|f 5:42:35 pm
|
| 994 |
|
|
|a C0
|b TXA
|
| 999 |
f |
f |
|s b77e7198-ced4-3544-b3f7-2a29800a646d
|i e675d630-35ee-3efb-a6a6-0a517174d8cb
|t 0
|
| 952 |
f |
f |
|p noncirc
|a Texas A&M University
|b College Station
|c Cushing Memorial Library & Archives
|d Cushing: Science Fiction (Does not check out)
|t 0
|e PR6062.E4163 A6 2017b
|h Library of Congress classification
|i unmediated -- volume
|
| 998 |
f |
f |
|a PR6062.E4163 A6 2017b
|t 0
|l Cushing: Science Fiction (Does not check out)
|